<?xml version="1.0" encoding="UTF-8"?>
<record
    xmlns:xsi="http://www.w3.org/2001/XMLSchema-instance"
    xsi:schemaLocation="http://www.loc.gov/MARC21/slim http://www.loc.gov/standards/marcxml/schema/MARC21slim.xsd"
    xmlns="http://www.loc.gov/MARC21/slim">

  <leader>03855cam a2200601 a 4500</leader>
  <controlfield tag="001">4218688</controlfield>
  <controlfield tag="005">20220326193334.0</controlfield>
  <controlfield tag="008">031008s2003    gw a     b    100 0 eng d</controlfield>
  <datafield tag="020" ind1=" " ind2=" ">
    <subfield code="a">3775790845</subfield>
  </datafield>
  <datafield tag="035" ind1=" " ind2=" ">
    <subfield code="a">(OCoLC)ocm53164420</subfield>
  </datafield>
  <datafield tag="035" ind1=" " ind2=" ">
    <subfield code="a">(NNC)4218688</subfield>
  </datafield>
  <datafield tag="040" ind1=" " ind2=" ">
    <subfield code="a">PIT</subfield>
    <subfield code="c">PIT</subfield>
  </datafield>
  <datafield tag="082" ind1=" " ind2=" ">
    <subfield code="a">306.409.729</subfield>
    <subfield code="b">E619c</subfield>
  </datafield>
  <datafield tag="111" ind1="2" ind2=" ">
    <subfield code="a">Documenta</subfield>
    <subfield code="n">(11th :</subfield>
    <subfield code="d">2002 :</subfield>
    <subfield code="c">Saint Lucia)</subfield>
    <subfield code="9">3654</subfield>
  </datafield>
  <datafield tag="245" ind1="1" ind2="0">
    <subfield code="a">Cr&#xE9;olit&#xE9; and Creolization :</subfield>
    <subfield code="b">: Documenta 11P&#x332;latform3 /</subfield>
    <subfield code="c">edited by Okwui Enwezor, Carlos Basualdo, Ute Meta Bauer, Susanne Ghez, Sarat Maharaj, Mark Nash, Octavio Zaya</subfield>
  </datafield>
  <datafield tag="246" ind1="3" ind2="0">
    <subfield code="a">Documenta 11, Platform 3</subfield>
  </datafield>
  <datafield tag="260" ind1=" " ind2=" ">
    <subfield code="a">[Alemania] :</subfield>
    <subfield code="b">Hatje Cantz,</subfield>
    <subfield code="c">2003.</subfield>
  </datafield>
  <datafield tag="300" ind1=" " ind2=" ">
    <subfield code="a">273 p. :</subfield>
    <subfield code="b">ill. ;</subfield>
    <subfield code="c">23 cm.</subfield>
  </datafield>
  <datafield tag="500" ind1=" " ind2=" ">
    <subfield code="a">This volume contains all contributions to Documenta 11P&#x332;latform3 "Cr&#xE9;olit&#xE9; and Creolization" a workshop held in St. Lucia, West Indies, Hystt Regency St. Lucia, January 13-15, 2002. </subfield>
  </datafield>
  <datafield tag="504" ind1=" " ind2=" ">
    <subfield code="a">Includes bibliographical references.</subfield>
  </datafield>
  <datafield tag="505" ind1=" " ind2=" ">
    <subfield code="t">Toward an Ethics of Vigilance: Cr&#xE9;olit&#xE9; and Creolization</subfield>
    <subfield code="t">Exasperating Theory / Derek Walcott</subfield>
    <subfield code="t">Which "Ethics of Vigilance" To Pu tinto Place? / Ginette Ramassamy</subfield>
    <subfield code="t">Cr&#xE9;olit&#xE9; and the Process of Creolization / Stuart Hall</subfield>
    <subfield code="t">More Than Criticism / Derek Walcott</subfield>
    <subfield code="t">Open Session</subfield>
    <subfield code="t">Modernity, Creolization, and Globalization</subfield>
    <subfield code="t">Paradise, Primitivism, and Parody / Petrine Archer-Straw</subfield>
    <subfield code="t">Central America and Creolization: The Invisible Caribbean? / Virgina P&#xE9;rez-Ratton</subfield>
    <subfield code="t">Global Islands / Gerardo Mosquera</subfield>
    <subfield code="t">Open Session</subfield>
    <subfield code="t">Creole Systems and Cultural Production</subfield>
    <subfield code="t">Nation Languages and National Development in the Caribbean: Reclaiming Our Own Voices / Dame Pearlette Louisy</subfield>
    <subfield code="t">Sound Systems Against the "Unsound System" of Babylon: Rude/Lewd Lyrics vs. Nude Tourists in Jamaica / Annie Paul</subfield>
    <subfield code="t">Creolization, Decreolization, and Linguistic Development / Jean Bernab&#xE9;</subfield>
    <subfield code="t">From / Gerardo Mosquera</subfield>
    <subfield code="t">Creolizing Vision / Isaac Julien</subfield>
    <subfield code="t">Open Session</subfield>
    <subfield code="t">Cosmopolitanism, Urban Culture, andCreole Identity in the 21st Century</subfield>
    <subfield code="t">The Diaspora Strikes Back: Cr&#xE9;olit&#xE9; in the Hood</subfield>
    <subfield code="t">Kiltir Kreol: Processes and Practices of Cr&#xE9;olit&#xE9; and Creolization / Fran&#xE7;oise Verg&#xE8;s</subfield>
    <subfield code="t">Creolization, Diaspora, and Hybridity in the Context of Globalization / Stuart Hall</subfield>
    <subfield code="t">Open Session</subfield>
    <subfield code="t">Writing Creole: Narrative, Literary Production, and the Language of Creoleness </subfield>
    <subfield code="t">To Write a Creole, to Write in Creole / Robert Chaudenson</subfield>
    <subfield code="t">Literature, the Imaginary, and Creolization: Texts and Intertexts / Jean Claude Carpanin Marimoutou</subfield>
    <subfield code="t">The Length of the Breath / Derek Walcott</subfield>
    <subfield code="t">Open Session </subfield>
  </datafield>
  <datafield tag="650" ind1=" " ind2="0">
    <subfield code="a">Creoles</subfield>
    <subfield code="x">Ethnic identity</subfield>
    <subfield code="v">Congresses.</subfield>
    <subfield code="9">3655</subfield>
  </datafield>
  <datafield tag="650" ind1=" " ind2="0">
    <subfield code="a">Ethnicity</subfield>
    <subfield code="v">Congresses.</subfield>
    <subfield code="9">3656</subfield>
  </datafield>
  <datafield tag="650" ind1=" " ind2="0">
    <subfield code="a">Sociolog&#xED;a de la cultura</subfield>
    <subfield code="x">Congresos</subfield>
    <subfield code="z">Regi&#xF3;n Caribe</subfield>
    <subfield code="9">3657</subfield>
  </datafield>
  <datafield tag="650" ind1=" " ind2="0">
    <subfield code="a">Lenguaje y Cultura</subfield>
    <subfield code="z">Regi&#xF3;n Caribe</subfield>
    <subfield code="9">3658</subfield>
  </datafield>
  <datafield tag="650" ind1=" " ind2="0">
    <subfield code="a">Identidad &#xE9;tnica</subfield>
    <subfield code="9">3659</subfield>
  </datafield>
  <datafield tag="650" ind1=" " ind2="0">
    <subfield code="a">Lenguas criollas</subfield>
    <subfield code="9">3660</subfield>
  </datafield>
  <datafield tag="650" ind1=" " ind2="0">
    <subfield code="a">Congreso Santa Luc&#xED;a</subfield>
    <subfield code="y">2002</subfield>
    <subfield code="9">3661</subfield>
  </datafield>
  <datafield tag="700" ind1="1" ind2=" ">
    <subfield code="a">Enwezor, Okwui  [editor] </subfield>
    <subfield code="9">3662</subfield>
  </datafield>
  <datafield tag="700" ind1="1" ind2=" ">
    <subfield code="a">Enwezor, Okwui  [editor] </subfield>
    <subfield code="9">3663</subfield>
  </datafield>
  <datafield tag="700" ind1="1" ind2=" ">
    <subfield code="a">Basualdo, Carlos  [editor] </subfield>
    <subfield code="9">3664</subfield>
  </datafield>
  <datafield tag="700" ind1="1" ind2=" ">
    <subfield code="a">Meta Bauer, Ute  [editor] </subfield>
    <subfield code="9">3665</subfield>
  </datafield>
  <datafield tag="700" ind1="1" ind2=" ">
    <subfield code="a">Ghez, Susanne  [editor] </subfield>
    <subfield code="9">3666</subfield>
  </datafield>
  <datafield tag="700" ind1="1" ind2=" ">
    <subfield code="a">Maharaj, Sarat  [editor] </subfield>
    <subfield code="9">3667</subfield>
  </datafield>
  <datafield tag="700" ind1="1" ind2=" ">
    <subfield code="a">Nash, Mark [editor] </subfield>
    <subfield code="9">3668</subfield>
  </datafield>
  <datafield tag="700" ind1="1" ind2=" ">
    <subfield code="a">Zaya, Octavio [editor] </subfield>
    <subfield code="9">3669</subfield>
  </datafield>
  <datafield tag="700" ind1="1" ind2=" ">
    <subfield code="a">Walcott, Derek</subfield>
    <subfield code="9">3670</subfield>
  </datafield>
  <datafield tag="700" ind1="1" ind2=" ">
    <subfield code="a">Ramassamy, Ginette</subfield>
    <subfield code="9">3671</subfield>
  </datafield>
  <datafield tag="700" ind1="1" ind2=" ">
    <subfield code="a">Hall, Stuart</subfield>
    <subfield code="9">3672</subfield>
  </datafield>
  <datafield tag="700" ind1="1" ind2=" ">
    <subfield code="a">Archer-Straw, Petrine</subfield>
    <subfield code="9">70</subfield>
  </datafield>
  <datafield tag="700" ind1="1" ind2=" ">
    <subfield code="a">P&#xE9;rez-Ratton, Virginia</subfield>
    <subfield code="9">580</subfield>
  </datafield>
  <datafield tag="700" ind1="1" ind2=" ">
    <subfield code="a">Mosquera, Gerardo</subfield>
    <subfield code="9">1487</subfield>
  </datafield>
  <datafield tag="700" ind1="1" ind2=" ">
    <subfield code="a">Pearlette Louisy, Dame</subfield>
    <subfield code="9">3673</subfield>
  </datafield>
  <datafield tag="700" ind1="1" ind2=" ">
    <subfield code="a">Paul, Annie</subfield>
    <subfield code="9">3674</subfield>
  </datafield>
  <datafield tag="700" ind1="1" ind2=" ">
    <subfield code="a">Bernab&#xE9;, Jean</subfield>
    <subfield code="9">3675</subfield>
  </datafield>
  <datafield tag="700" ind1="1" ind2=" ">
    <subfield code="a">Julien, Isaac</subfield>
    <subfield code="9">3676</subfield>
  </datafield>
  <datafield tag="700" ind1="1" ind2=" ">
    <subfield code="a">Flores, Juan</subfield>
    <subfield code="9">3677</subfield>
  </datafield>
  <datafield tag="700" ind1="1" ind2=" ">
    <subfield code="a">Verg&#xE8;s, Fran&#xE7;oise</subfield>
    <subfield code="9">3678</subfield>
  </datafield>
  <datafield tag="700" ind1="1" ind2=" ">
    <subfield code="a">Hall, Stuart</subfield>
    <subfield code="9">3679</subfield>
  </datafield>
  <datafield tag="700" ind1="1" ind2=" ">
    <subfield code="a">Chaudenson, Robert</subfield>
    <subfield code="9">3680</subfield>
  </datafield>
  <datafield tag="700" ind1="1" ind2=" ">
    <subfield code="a">Carpanin Marimoutou, Jean Claude</subfield>
    <subfield code="9">3681</subfield>
  </datafield>
  <datafield tag="999" ind1=" " ind2=" ">
    <subfield code="c">747</subfield>
    <subfield code="d">747</subfield>
  </datafield>
  <datafield tag="952" ind1=" " ind2=" ">
    <subfield code="0">0</subfield>
    <subfield code="1">0</subfield>
    <subfield code="2">ddc</subfield>
    <subfield code="4">0</subfield>
    <subfield code="7">0</subfield>
    <subfield code="a">LV</subfield>
    <subfield code="b">LV</subfield>
    <subfield code="c">Eventos y Bienales</subfield>
    <subfield code="d">2015-09-28</subfield>
    <subfield code="l">1</subfield>
    <subfield code="o">306.409.729 E619c</subfield>
    <subfield code="p">000165</subfield>
    <subfield code="r">2020-02-11 00:00:00</subfield>
    <subfield code="s">2019-03-13</subfield>
    <subfield code="w">2015-09-28</subfield>
    <subfield code="y">01</subfield>
  </datafield>
</record>
